| 000 | 01213cam a2200265 i 4500 | ||
|---|---|---|---|
| 003 | SA-RiAUC | ||
| 005 | 20241202132559.0 | ||
| 008 | 241120s1999 le a g 00010 ara c | ||
| 040 |
_aSA-JeALM _bara _cSA-RiAUC _erda |
||
| 082 | 0 | 4 | _a160.89927 |
| 090 |
_a160.89927 _b ا ب ن ت |
||
| 100 | 1 |
_aابن تيمية، أحمد بن عبد الحليم بن عبد السلام، _d661-728 هجري _eمؤلف. |
|
| 245 | 1 | 0 |
_aنقض المنطق / _cتأليف ابن تيمية ؛ تحقيق محمد عبد الرازق حمزة، سليمان بن عبدالرحمن الصنيع ، صححه محمد حامد الفقي. |
| 264 | 1 |
_aبيروت : _bدار الكتب العلمية، _c1999 |
|
| 300 |
_a175 صفحة : _bمصور ؛ _c24 سم |
||
| 336 |
_aنص _btxt _2rdacontent _3كتاب |
||
| 337 |
_aبدون وسيط _bn _2rdamedia |
||
| 338 |
_aمجلد _bnc _2rdacarrier |
||
| 650 | 7 |
_aالمنطق _2aucsh |
|
| 700 | 1 |
_aحمزة، محمد عبد الرازق، _d1308-1392 هجري _eمحقق. |
|
| 700 |
_aالصنيع، سليمان بن عبدالرحمن _eمحقق. |
||
| 700 |
_aالفقي، محمد حامد _eمصحح. |
||
| 942 |
_2ddc _cBOOK _n0 |
||
| 949 |
_aSA-JeALM _d241120 _umohamedma123 _n1 |
||
| 999 |
_c2928 _d2928 |
||